| 000 | 01058cam a22003134i 4500 | ||
|---|---|---|---|
| 003 | PE-LiUPU | ||
| 005 | 20250731175632.0 | ||
| 008 | 150625s r 000 0 d | ||
| 035 | _a(Sirsi) a30917 | ||
| 040 |
_aPE-LiUPU _bspa _cPE-LiUPU _erda |
||
| 082 | 0 | 4 |
_a492.482421 _bW19 _221 |
| 100 | 1 |
_aWaltke, Bruce K., _eautor. |
|
| 245 | 1 | 0 | _aAn introduction to biblical hebrew syntax. |
| 264 | 1 | _a | |
| 336 |
_atext _2rdacontent |
||
| 337 |
_aunmediated _2rdamedia |
||
| 338 |
_avolume _2rdacarrier |
||
| 526 | _aP145 | ||
| 526 | _aP127 | ||
| 526 | _aP97 | ||
| 526 | _aP35 | ||
| 526 | _aP14 | ||
| 526 | _aP07 | ||
| 942 |
_2ddc _cBOOK |
||
| 949 |
_a492.482421 W19 _wDEWEY _c1 _i37955 _lCCODEBUL1 _mBUL _p00.00 _r0 _sY _tBOOK _u2015-06-25 _xBIBLIOTECA _zUNKNOWN _0COMPRA _o.STAFF. Colección General |
||
| 596 | _a1 | ||
| 999 |
_a492.482421 W19 _wDEWEY _c38413 _i37955 _d38413 _e2017-12-10 _f2021-11-11 _g6 _lCCODEBUL1 _mBUL _n6 _q22 _r0 _sY _tBOOK _u2015-6-25 _xTEOLOGIA _zUNKNOWN _0COMPRA _o.STAFF. Colección General |
||
| 980 |
_81 _gALBERTO SANCHEZ Responsable de Automatización |
||